[Event "12th A.Margaryan Memorial 2022"]
[Site "Yerevan"]
[Date "2022.01.13"]
[Round "5.4"]
[White "Ohanyan, Emin"]
[Black "Barseghyan, Armen Ar."]
[Result "*"]
[WhiteElo "2373"]
[BlackElo "2358"]
[Annotator "TA"]
[PlyCount "40"]
[EventDate "2022.01.09"]
[EventType "tourn"]
[EventCountry "ARM"]
[SourceTitle "playchess.com"]
[Source "ChessBase"]
[SourceQuality "1"]

{[%evp 17,26,33,41,33,34,39,35,28,83,27,34]} 1. e4 c5 2. Nf3 Nc6 3. d4 cxd4 4. Nxd4 g6 5. c4 Nf6 6. Nc3 d6 7. Be2 Nxd4 8. Qxd4 Bg7 9. O-O O-O 10. Qd3 {B36: Sicilian: Maroczy Bind: Gurgenidze System.} a5 {is cutting edge theory.} 11. Be3 a4 12. Bd4 Bd7 (12... Qa5 $11) 13. Rad1 {White is more active.} ({White should play} 13. b4 $16) 13... Bc6 {[#]  Weighted Error Value: White=0.14 (very precise) /Black=0.11 (very precise)} {Predecessor:} 14. h4 $146 h5 15. f4 Nd7 16. f5 Bxd4+ 17. Qxd4 Qa5 18. Nd5 Bxd5 19. exd5 Qc5 20. Qxc5 Nxc5 {½-½ (32) Le Page,C (2409)-Trana,A (2350) ICCF email 2012} *

[Event "12th A.Margaryan Memorial 2022"]
[Site "Yerevan"]
[Date "2022.01.14"]
[Round "5.5"]
[White "Alavi, Sayed Javad"]
[Black "Petrov, Nikita"]
[Result "1/2-1/2"]
[WhiteElo "2455"]
[BlackElo "2558"]
[Annotator "TA"]
[PlyCount "36"]
[EventDate "2022.01.09"]
[EventType "tourn"]
[EventCountry "ARM"]
[SourceTitle "playchess.com"]
[Source "ChessBase"]
[SourceQuality "1"]

{[%evp 11,36,4,0,0,0,8,15,10,17,-29,0,0,8,10,31,38,29,21,29,17,23,27,30,37,49,27,54]} 1. d4 Nf6 2. Nf3 d5 3. Bf4 c5 4. e3 Nc6 5. Nbd2 e6 6. c3 Nh5 7. Bg5 {D02: 1 d4 d5 2 Nf3 sidelines, including 2...Nf6 3 g3 and 2...Nf6 3 Bf4.} f6 8. Bh4 g6 9. g4 {The position is equal.} Ng7 {[#]} 10. Bb5 $146 (10. h3 $142) ({Predecessor:} 10. Bg3 Bd6 11. Bd3 cxd4 12. exd4 O-O 13. Qc2 Rf7 14. O-O-O Nb4 15. Qb1 Rc7 16. a3 {1-0 (57) Tristan,L (2535)-Demchenko,A (2600) Chess.com INT 2021}) 10... Be7 11. dxc5 Bxc5 {[#]} 12. Ne5 $1 {[%cal Bf3e5,Be5g4,Bg4f6][%mdl 32]} Qc7 (12... O-O 13. Nxc6) 13. Bxc6+ bxc6 14. Bxf6 O-O 15. g5 Nh5 16. Ng4 {[%cal Rg4h6] [#] Pair of Knights!} Nxf6 17. Nxf6+ Kg7 18. h4 {h5 is the strong threat.} h5 $1 {Weighted Error Value: White=0.04 (flawless) /Black=0.05 (flawless)} 1/2-1/2

[Event "12th A.Margaryan Memorial 2022"]
[Site "Yerevan"]
[Date "2022.01.14"]
[Round "6.1"]
[White "Makarian, Rudik"]
[Black "Petrov, Nikita"]
[Result "1/2-1/2"]
[WhiteElo "2509"]
[BlackElo "2558"]
[Annotator "TA"]
[PlyCount "43"]
[EventDate "2022.01.09"]
[EventType "tourn"]
[EventCountry "ARM"]
[SourceTitle "playchess.com"]
[Source "ChessBase"]
[SourceQuality "1"]

{[%evp 15,43,10,4,14,4,0,0,0,0,0,0,0,0,0,0,0,0,0,0,0,0,0,0,0,0,0,0,0,0,0]} 1. d4 d5 2. c4 c6 3. Nf3 Nf6 4. Nc3 e6 5. Bg5 Be7 6. e3 h6 7. Bxf6 Bxf6 8. Qc2 O-O {The position is equal.} 9. h4 {D55: Queen's Gambit Declined: 4 Bg5 Be7: Lines without ...h6 and 6...h6 7 Bxf6.} c5 10. g4 {[%cal Og4g5]} cxd4 11. exd4 {[%cal Og4g5] [#] aiming for g5!} Nc6 12. O-O-O g6 13. g5 hxg5 14. hxg5 Bxg5+ 15. Kb1 $1 ({Reject} 15. Nxg5 Qxg5+ 16. Kb1 Nb4 $17) 15... Bf6 16. Bd3 {[#]} Bg7 $146 (16... Nxd4 $2 17. Nxd4 Bxd4 {[#]} 18. Bxg6 $1 {[%mdl 512]} fxg6 19. Rxd4 $18 (19. Qxg6+ Bg7 $18)) ({Predecessor:} 16... Nb4 17. Qd2 Nxd3 18. Qh6 Re8 19. Rxd3 e5 20. Nxe5 Bg7 21. Qh7+ Kf8 22. Rf3 Bf5+ 23. Rxf5 gxf5 24. Qxf5 Rxe5 25. dxe5 dxc4 {½-½ (37) Salem,A (2638)-Kravtsiv,M (2672) Riadh 2017}) 17. Ne5 {f4 is the strong threat.} Nxd4 18. Bxg6 {White threatens Bh7+ and mate.} Nxc2 19. Bh7+ Kh8 20. Bxc2+ Kg8 $1 21. Bh7+ Kh8 22. Bc2+ {An even fight not without its subleties.  Weighted Error Value: White=0.00 (flawless) /Black=0.00 (flawless)} 1/2-1/2

[Event "12th A.Margaryan Memorial 2022"]
[Site "Yerevan"]
[Date "2022.01.14"]
[Round "6.2"]
[White "Barseghyan, Armen Ar."]
[Black "Alavi, Sayed Javad"]
[Result "1/2-1/2"]
[WhiteElo "2358"]
[BlackElo "2455"]
[Annotator "TA"]
[PlyCount "60"]
[EventDate "2022.01.09"]
[EventType "tourn"]
[EventCountry "ARM"]
[SourceTitle "playchess.com"]
[Source "ChessBase"]
[SourceQuality "1"]

{[%evp 22,60,10,12,11,0,0,0,0,0,0,0,0,0,8,0,0,0,0,0,0,-3,0,0,0,0,-14,-8,-8,-9,-10,-12,0,0,0,0,0,0,0,0,0]} 1. d4 d5 2. c4 dxc4 3. Nf3 Nf6 4. e3 e6 5. Bxc4 c5 6. O-O a6 7. a4 Nc6 8. Nc3 Be7 9. Qe2 cxd4 10. Rd1 O-O 11. exd4 Nb4 12. Bg5 {[%cal Bc1g5,Bg5h4,Bh4g3,Bg3e5][%mdl 32] The position is equal.} h6 {D27: Queen's Gambit Accepted: Classical main line: 7 e4!? and 7 a4.} 13. Bh4 Bd7 14. Ne5 Bc6 15. Nxc6 bxc6 16. a5 Qc7 17. Bg3 {[#]} Qa7 $146 ({Predecessor:} 17... Bd6 18. Be5 {½-½ (18) Mroczek,J (2141)-Szymanski,R (2396) LSS email 2013}) 18. Be5 Rfd8 19. Na4 Nd7 {Inhibits Nb6.} 20. Bf4 Nd5 21. Bg3 Bb4 22. Qc2 Bxa5 23. Nc5 Nxc5 24. Rxa5 Nd7 {[%cal Bc5d7,Bd7b6,Bb6c8,Bc8e7][%mdl 32]} 25. Rxa6 Qb7 26. Rxa8 Rxa8 27. Bd6 N7b6 28. Bf1 Nc8 {Pair of Knights!} 29. Ba3 Nce7 30. Qc4 Rd8 {A balanced but interesting game.  Weighted Error Value: White=0.01 (flawless) /Black=0.01 (flawless)} 1/2-1/2

[Event "12th A.Margaryan Memorial 2022"]
[Site "Yerevan"]
[Date "2022.01.14"]
[Round "6.3"]
[White "Davtyan, Artur"]
[Black "Ohanyan, Emin"]
[Result "1/2-1/2"]
[WhiteElo "2454"]
[BlackElo "2373"]
[Annotator "TA"]
[PlyCount "259"]
[EventDate "2022.01.09"]
[EventType "tourn"]
[EventCountry "ARM"]
[SourceTitle "playchess.com"]
[Source "ChessBase"]
[SourceQuality "1"]

{[%evp 12,259,16,9,35,7,16,20,24,5,14,-27,10,18,10,18,22,6,29,-9,-11,-2,0,0,0,0,10,0,0,8,22,-44,-20,-56,15,-5,0,0,0,-35,-19,-51,-47,-42,-53,-77,-83,-79,-70,-96,-91,-190,-152,-152,-151,-145,-151,-143,-83,-166,109,97,406,404,404,399,399,384,461,438,12835,12825,6279,5730,29984,0,1288,0,29984,164,590,576,563,558,533,233,308,241,233,223,229,234,257,208,196,204,191,191,173,141,145,127,120,131,133,131,132,140,140,137,127,134,132,111,141,108,108,108,108,108,503,476,410,154,154,154,154,154,462,108,108,85,85,8,8,8,8,8,8,8,15,0,0,0,0,0,0,0,0,0,0,0,8,8,8,0,0,0,0,0,8,0,8,0,0,0,0,0,0,0,0,0,8,0,0,0,0,0,0,0,0,0,0,0,8,0,0,0,0,0,0,0,0,0,0,0,0,0,0,0,8,0,0,0,0,0,8,0,8,0,8,0,0,0,8,0,0,0,0,0,0,0,0,0,0,0,0,0,0,0,0,0,0,0,8,0,0,0,0,0,0,0,0,0,0,0,0,0,0,0]} 1. d4 Nf6 2. c4 e6 3. Nf3 d5 4. Nc3 Bb4 5. Qa4+ Nc6 6. e3 O-O 7. Bd2 Re8 {D38: Queen's Gambit Declined: Ragozin Defence (4 Nf3 Bb4).} 8. Qc2 (8. a3 $5 {[%cal Ra3b4]} Bxc3 9. Bxc3 $11) 8... h6 9. Rd1 Bf8 10. Bc1 a6 {[#]} 11. Ne5 $146 (11. a3 $142) ({Predecessor:} 11. b3 Qe7 12. Bb2 dxc4 13. Bxc4 b5 14. Be2 Bb7 15. O-O e5 16. Nxe5 Nxe5 17. dxe5 Qxe5 18. Nd5 Qg5 19. f4 Qh4 20. Bxf6 gxf6 21. g3 Qh3 22. Bg4 {1-0 (22) Weichselbaumer,E-Benkner,O Saarbruecken 1950}) 11... Nxe5 (11... Nb4 $5 {[%cal Rb4c2]} 12. Qd2 c5 $11) 12. dxe5 Nd7 13. cxd5 exd5 14. Nxd5 c6 15. Nf4 {[%cal Oe5e6]} (15. Nc3 $5 {[%cal Rf2f4]}) 15... Qa5+ 16. Bd2 Qxe5 17. Be2 Nf6 18. Bc3 Qe7 19. O-O Ne4 20. Ba5 Qc5 21. Qa4 (21. Qxc5 $11 Bxc5 22. Nd3) 21... Bf5 {[%cal Oe4f2]} (21... Qe5 $5 {[%cal Re5b2]}) 22. Rd4 Ng5 (22... Qe5 $1 $15) 23. Bc3 Ne6 24. Nxe6 Bxe6 25. Rfd1 a5 26. Qc2 b5 27. a3 {Inhibits b4.} Qb6 28. Bg4 c5 29. Re4 b4 (29... Bxg4 {is more complex.} 30. Rxg4 b4 31. Be1 Rad8 32. Ra1 Rd7) 30. axb4 axb4 {And now ...Bxg4 would win.} 31. Bxe6 (31. Be1 $17 {keeps fighting.}) 31... Rxe6 32. Be1 Rxe4 $1 33. Qxe4 Ra2 34. Qe8 Qe6 ({Much less strong is} 34... Rxb2 35. Rd8 Kh7 36. Qxf8 $16) ({Better is} 34... c4 $1 35. Qe5 Qa6) 35. Qb8 (35. Qxe6 $17 fxe6 36. b3) 35... Rxb2 $2 ({Black should play} 35... f5 $19 36. Rd8 Qf6) 36. Rd8 $16 Rb1 $2 {[%mdl 8192]} 37. Rxf8+ $18 Kh7 {[%cal Rb1e1]} 38. Rh8+ Kg6 {[%cal Rb1e1]} 39. Qg3+ Kf6 {[%cal Rb1e1]} 40. f4 {h3 is the strong threat.} Qc4 (40... Ke7 $142 41. h3 Rd1) 41. Qh4+ Kf5 42. Qh5+ Kf6 43. Qh4+ (43. Qe5+ $142 $1 Kg6 44. f5+ Kh5 45. h3 $1 Rxe1+ 46. Kh2 Qe2 47. Qxg7 Rh1+ 48. Kxh1) 43... Kf5 44. Qh5+ (44. g4+ $18 Ke4 45. Qf2) 44... Kf6 (44... g5 $2 45. Qh3+ g4 46. Qh5+ Ke4 47. Re8+ Kd3 48. Qf5+ Ke2 49. Qxb1 $18) 45. Kf2 (45. Qe5+ $1 {mates} Kg6 46. f5+ Kh5 47. h3 $1 Rxe1+ 48. Kh2 Qe2 49. Qxg7 Rh1+ 50. Kxh1) 45... Rb2+ $2 (45... Qc2+ 46. Kf1 Qc4+ 47. Qe2 Qxe2+ 48. Kxe2 Ke6) 46. Kg3 $1 Qe4 {To avoid Qe5+} 47. Qh4+ Kg6 {[%csl Gb2][%cal Re4g2]} 48. Qg4+ Kf6 49. Qf3 Qxf3+ 50. Kxf3 {[%mdl 4096] Endgame KRB-KR} Rb1 51. Ke2 Ke6 52. Rc8 Kd5 53. e4+ Kd4 54. Bf2+ Kxe4 55. Re8+ ({Resist} 55. Rxc5 $6 Rb2+ 56. Kf1 b3 $14) 55... Kxf4 56. Be3+ Kg4 57. Re4+ $1 Kf5 58. Rc4 b3 59. Rxc5+ Ke4 60. Rc4+ Kd5 61. Rd4+ Ke5 62. Rb4 {aiming for Bd4+.} g5 63. Rb6 f5 64. Rxh6 f4 {[#]} 65. Bd2 $1 {Hoping for Bc3+.} b2 $2 {[%mdl 8192]} (65... Rh1 $16) 66. Rb6 Rh1 67. Rxb2 $2 (67. Bc3+ $18 Kf5 68. Rb5+ (68. Bxb2 Rxh2 69. Rb5+ Kg6 $18) 68... Kg6 69. Rxb2 (69. Bxb2 Rxh2 70. Kf2 Rh1 $18)) 67... Rxh2 $16 68. Kf2 Kf5 69. Rb5+ Kg6 $2 (69... Kg4 $16 {is a better chance.} 70. Re5 Rh6) 70. Rd5 $2 (70. Ba5 $18 {has better winning chances.} Rh8 71. Kf3) 70... Rh1 71. Ba5 g4 {[%cal Bg5g4,Bg4g3][%mdl 32] [#]} 72. Rd4 ({White should try} 72. Bc3 $1 $16) 72... g3+ $1 $11 {The position is equal.} 73. Ke2 Rg1 $1 74. Kf3 Rf1+ 75. Kg4 f3 76. Kxg3 fxg2 77. Kxg2 Rb1 78. Kf3 Rb5 79. Bc3 Rc5 80. Rd6+ Kf5 81. Bd4 Rc1 82. Rf6+ Kg5 83. Re6 Rf1+ 84. Ke4 Rf4+ 85. Kd5 {Be3 would kill now.} Kf5 86. Re7 Rf3 87. Be3 Kf6 88. Re6+ Kf5 89. Re5+ Kf6 90. Bg5+ Kf7 91. Ke4 Rf1 92. Re7+ Kg6 93. Be3 Kf6 94. Rb7 Re1 95. Rb6+ Ke7 96. Kd3 Kf7 97. Bd4 Re6 98. Rb5 Kg6 99. Be5 Kf5 100. Bd4+ Kf4 101. Rb1 Kf5 102. Rf1+ Kg6 103. Kc4 Rd6 104. Be5 Rd7 105. Kc5 Rf7 106. Rg1+ Kf5 107. Kd5 Rd7+ 108. Bd6 Rf7 109. Rg2 Rf6 110. Rg7 Rg6 111. Rh7 Rf6 112. Be7 Kg6 113. Rh8 Ra6 114. Rf8 Ra2 115. Bd6 Kg5 116. Be5 Ra5+ 117. Ke4 Ra4+ 118. Bd4 Kg4 119. Rg8+ Kh4 120. Rg7 Rb4 {Prevents Rb7.} 121. Ke5 Kh3 122. Be3 Rg4 123. Rh7+ Kg3 124. Rf7 Ra4 125. Bf2+ Kg2 126. Bd4 Ra8 127. Ke4 Re8+ 128. Be5 Rg8 129. Ra7 Rg4+ 130. Bf4 {Black defended with fortune.  Weighted Error Value: White=0.78/Black=0.73} 1/2-1/2

[Event "12th A.Margaryan Memorial 2022"]
[Site "Yerevan"]
[Date "2022.01.14"]
[Round "6.4"]
[White "Lobanov, Sergei"]
[Black "Sturua, Zurab"]
[Result "1-0"]
[WhiteElo "2512"]
[BlackElo "2529"]
[Annotator "TA"]
[PlyCount "139"]
[EventDate "2022.01.09"]
[EventType "tourn"]
[EventCountry "ARM"]
[SourceTitle "playchess.com"]
[Source "ChessBase"]
[SourceQuality "1"]

{[%evp 14,139,54,30,34,36,41,23,31,23,30,15,6,10,18,10,6,7,25,19,27,21,29,21,14,13,22,5,79,35,40,40,37,34,31,29,30,41,37,29,37,24,75,69,100,68,68,67,67,67,67,67,68,72,85,79,70,70,76,76,77,77,77,91,91,35,50,0,0,0,9,15,51,0,0,0,0,0,0,0,0,0,0,0,0,0,0,0,0,0,0,0,0,0,0,0,0,0,0,0,0,0,0,0,12847,0,0,0,12850,12850,12850,27999,27999,27999,27999,27999,27999,27998,27999,27999,27999,27999,27999,27999,27999,27999,27999,27999]} 1. e4 e5 2. Nf3 Nc6 3. Bb5 Nf6 4. d3 d6 5. c3 Be7 6. O-O O-O 7. Re1 Bd7 8. Nbd2 {[%cal Bb1d2,Bd2f1,Bf1g3][%mdl 32]} Re8 {8...h6 is a critical line. C66: Ruy Lopez: Steinitz Defence.} 9. Nf1 Bf8 10. Ng3 h6 {White has an edge.} 11. a3 a6 12. Bc4 b5 13. Ba2 Be6 14. Bxe6 Rxe6 15. a4 $1 b4 16. d4 {[#] Strongly threatening d5.} d5 17. dxe5 {[#]} Nxe5 $146 ({Predecessor:} 17... Nxe4 18. c4 Nxe5 19. cxd5 Nxf2 20. Kxf2 Ng4+ 21. Kf1 Rxe1+ 22. Qxe1 Qxd5 23. Qe4 Qd1+ 24. Qe1 Qd5 25. Qe4 Qd1+ 26. Qe1 {½-½ (25) Vachier Lagrave,M (2780)-Naiditsch,A (2721) Douglas 2018}) 18. Nxe5 Rxe5 19. Bf4 Re6 20. e5 bxc3 21. bxc3 (21. exf6 $16 cxb2 22. Rb1 (22. fxg7 $2 Rxe1+ 23. Qxe1 Bb4 $19) 22... Qxf6 23. Rxe6 (23. Qxd5 $2 Rxe1+ 24. Rxe1 Rb8 $19) 23... fxe6 24. Nh5 (24. Qd2 Rb8 $15)) 21... Ne4 $14 22. Nxe4 dxe4 23. Rxe4 Qxd1+ 24. Rxd1 g5 25. Bc1 Rae8 26. f4 gxf4 27. Bxf4 Bg7 (27... Rc6 $1 $11 {keeps the balance.}) 28. Rc4 R8e7 29. Rd5 {White is more active.} (29. Rd8+ {with more complications.} Kh7 30. Rd5 Bxe5 31. Rxe5 Rxe5 32. Bxe5 Rxe5 33. Rxc7 Kg7 34. Kf2) 29... Bxe5 30. Bxe5 Rxe5 31. Rxe5 Rxe5 32. Rxc7 {[%mdl 4096] Endgame KR-KR} Ra5 33. Rc4 Rf5 34. g4 Re5 35. Kf2 h5 36. gxh5 Rxh5 37. h4 Re5 38. Kf3 Kg7 39. Kf4 (39. Rg4+ $16 Kf6 40. Rf4+ Kg6 41. Rd4) 39... f6 $1 {[%cal Bf7f6,Bf6f5][%mdl 32]} 40. Re4 ({White should play} 40. Kf3 $14) 40... Rc5 $1 $11 41. c4 f5 $1 42. Rd4 {And now Kg5 would win.} Kf6 43. h5 (43. Ke3 $14) 43... a5 $1 44. h6 Kg6 45. h7 Kxh7 46. Kg5 Kg7 47. Rf4 Re5 48. Rxf5 Re4 49. Rc5 ({Don't do} 49. Rxa5 $6 Kf7 $16) 49... Kf7 $1 50. Kf5 Rh4 {...Rh5+ is the strong threat.} 51. Rc7+ Ke8 52. Ke6 {[%cal Rc7c8]} Kd8 {Inhibits Rc8+.} 53. Rc6 Rh1 54. Kd6 Rh5 55. Rb6 {[%cal Rb6b8]} Kc8 {Inhibits Rb8+.} 56. Kc6 Rh1 57. Ra6 {[%cal Ra6a8]} Rh6+ 58. Kb5 Rh5+ {[%mdl 8192] [#]} (58... Rh2 $11) 59. c5 $2 (59. Kb6 $1 $18 Rh6+ 60. Kxa5) 59... Kb7 60. Rg6 {Threatens to win with Rg7+.} Rh4 $2 {[%mdl 8192]} (60... Rh1 $11) 61. Rg7+ $18 Kb8 62. Kxa5 Rh1 {White mates.} 63. Kb6 Rb1+ 64. Kc6 Ra1 65. a5 Rh1 66. Rb7+ Ka8 67. Rd7 Ra1 68. Kc7 Rh1 69. c6 Ka7 70. Kc8+ {Weighted Error Value: White=0.25 (precise) /Black=0.06 (flawless)} 1-0

[Event "12th A.Margaryan Memorial 2022"]
[Site "Yerevan"]
[Date "2022.01.14"]
[Round "6.5"]
[White "Danielyan, Vahe"]
[Black "Hayrapetyan, Hovik"]
[Result "0-1"]
[WhiteElo "2332"]
[BlackElo "2499"]
[Annotator "TA"]
[PlyCount "66"]
[EventDate "2022.01.09"]
[EventType "tourn"]
[EventCountry "ARM"]
[SourceTitle "playchess.com"]
[Source "ChessBase"]
[SourceQuality "1"]

{[%evp 11,66,-25,0,0,29,10,32,26,38,23,15,5,29,-37,-36,-77,-59,-71,-67,-77,-78,-111,-121,-101,-112,-108,-105,-123,-100,-97,-76,-152,-79,-199,-202,-210,0,-171,-168,-172,-162,-375,-364,-342,-331,-649,-633,-667,-641,-618,-631,-620,-617,-1479,-987,-912,-840]} 1. e4 c5 2. Nf3 d6 3. d4 cxd4 4. Nxd4 Nf6 5. Nc3 a6 6. Rg1 e5 7. Nb3 {B90: Sicilian Najdorf: Unusual White 6th moves, 6 Be3 Ng4 and 6 Be3 e5.} h5 {Inhibits g4.} 8. Bg5 Be7 9. Qd3 {White is slightly better.} Be6 10. O-O-O Nbd7 $1 11. Kb1 {[#]} Rc8 $146 {[%cal Oc8c3]} ({Predecessor:} 11... b5 12. Bxf6 gxf6 13. Nd5 Bxd5 14. Qxd5 Qc7 15. Qxa8+ {1-0 (15) Blackman,J (2192)-Bommini,M (2029) Chess.com INT 2020}) 12. Bxf6 ({Better is} 12. f4 $11) 12... Nxf6 $15 13. Nd5 (13. Be2 $15) 13... Nxd5 $17 14. exd5 Bd7 15. Be2 {[%cal Of2f4]} g6 {[%cal Bg7g6,Bg6g5,Bg5g4][%mdl 32]} 16. g4 {To avoid Bf5} hxg4 17. Bxg4 f5 {Hoping for ...Bb5.} 18. Be2 Kf7 ({Much weaker is} 18... Rxh2 $6 19. Rxg6 Bf8 20. f4 $11) 19. Rg2 {[%cal Of2f4]} Rh4 20. Rdg1 g5 21. Nd2 {[#]} (21. Qe3 $142) 21... Qc7 {Black is more active.} (21... Qb6 $142 $1 {Strongly threatening ...e4.} 22. Qa3 Bf6) 22. f4 (22. c4 $17 {was called for.}) 22... Rxf4 $19 23. Qh3 {Intending Qh5+ and mate.} Qxc2+ 24. Ka1 {[#]} g4 $1 {Threatens to win with ...Rf1+.} 25. Qh7+ Ke8 26. Nb3 (26. Qg8+ Bf8 27. Rb1) 26... Qe4 27. Qg8+ Bf8 {[%cal Of4f1] aiming for ...Rf1+!} 28. h3 $2 {[#]} (28. a3 Rc2 29. Na5 Rxe2 30. Qg6+ Ke7 31. Qh7+ Kf6 32. Rxe2 Qxe2 33. Qxd7) 28... Rf1+ $3 {[%mdl 512] Black is clearly winning.} 29. Rxf1 Qxg2 30. Qg6+ Kd8 31. Bd3 gxh3 32. Qf7 Qg7 33. Qh5 e4 {Weighted Error Value: White=0.59/Black=0.21 (precise)} 0-1

[Event "12th A.Margaryan Memorial 2022"]
[Site "Yerevan"]
[Date "2022.01.15"]
[Round "7.1"]
[White "Hayrapetyan, Hovik"]
[Black "Makarian, Rudik"]
[Result "0-1"]
[WhiteElo "2499"]
[BlackElo "2509"]
[Annotator "TA"]
[PlyCount "142"]
[EventDate "2022.01.09"]
[EventType "tourn"]
[EventCountry "ARM"]
[SourceTitle "playchess.com"]
[Source "ChessBase"]
[SourceQuality "1"]

{[%evp 14,142,0,-3,0,-11,-12,-14,0,0,0,0,0,8,0,0,0,0,0,0,0,0,16,0,0,0,0,0,0,-13,-14,-5,-5,-59,-62,-59,-40,-68,6,4,61,28,32,7,28,31,48,54,50,32,36,47,66,57,59,15,27,23,22,20,33,8,13,3,106,30,29,27,77,86,76,71,222,219,232,214,211,222,208,174,152,125,118,0,0,0,0,0,0,-416,-410,-409,-381,-443,-436,-368,-278,-427,-417,-331,-332,-280,-303,-841,-831,-840,-234,-182,0,-837,-799,-781,-754,-719,-647,-625,-635,-870,-836,-745,0,-650,0,-704,-700,-675,-641,-603,-580,-12843,-12843]} 1. Nf3 Nf6 2. c4 e6 3. Nc3 d5 4. d4 dxc4 5. e3 a6 6. Bxc4 b5 7. Be2 Bb7 8. O-O Nbd7 {D26: Queen's Gambit Accepted: 4 e3 e6 5 Bxc5 c5 sidelines.} 9. a4 b4 10. Nb1 {[%cal Bc3b1,Bb1d2,Bd2c4][%mdl 32]} a5 {The position is equal.} 11. Nbd2 Be7 12. b3 O-O 13. Bb2 c5 14. Rc1 Rc8 15. Nc4 {[#]} Bd5 $146 ({Predecessor:} 15... cxd4 16. Bxd4 Nc5 17. Bxc5 Rxc5 18. Qxd8 Rxd8 19. Nfe5 Nd7 20. Nxd7 Rxd7 21. Rfd1 Rd8 22. Rxd8+ Bxd8 {1-0 (52) Girya,O (2469)-Samaridis,K (2105) Chess.com INT 2020}) 16. Nfd2 cxd4 17. Bxd4 Rc7 18. f3 Bc5 19. Bxc5 Rxc5 20. e4 Bb7 21. Qc2 Nd5 22. exd5 exd5 23. Rcd1 dxc4 24. Nxc4 Qc7 25. Qd2 Rd5 (25... Bd5 $1 $15 26. Qe3 Bxc4 27. Bxc4 Nb6) 26. Qe3 $11 Nf6 ({Much less strong is} 26... Rh5 27. f4 Rh6 28. Nxa5 $1 $14 {[%mdl 512]}) (26... Bc6 $11) 27. Qb6 $1 $14 Qe7 28. Rde1 $36 {[%mdl 2048] White is more active.} Qc5+ 29. Rf2 Bc8 30. Qxc5 Rxc5 31. Nd6 Rd8 32. Nxc8 Rdxc8 33. Bc4 R8c7 34. Rd2 (34. Rfe2 $14 {was preferrable.} g6 35. Re5) 34... g5 $11 35. Red1 Kg7 36. Rd8 g4 37. R1d3 Re7 38. Rb8 Rce5 (38... Rd7 $11 39. Re3 gxf3) 39. Rd1 (39. Rb5 $1 $16) 39... gxf3 $1 40. gxf3 Nd7 (40... Rf5 $1 $11 {remains equal.}) 41. Rb7 $1 $16 Nc5 42. Rb5 Rd7 $2 (42... Rg5+ $16 {was called for.} 43. Kf2 h6) 43. Rxd7 $18 Nxd7 {[%mdl 4096] Endgame KRB-KRN} 44. Rb7 Rg5+ {[#]} 45. Kh1 $1 Nf6 46. Rxf7+ Kg6 47. Rb7 Kf5 {[#]} 48. Re7 (48. Rb6 $1 $16 {Black must now prevent Bd3+.} Ne8 49. h4) 48... Kf4 $1 $11 49. Rf7 Ke3 $1 {[%cal Oe3f2] ( -> ...Kf2!)} 50. h4 Rg6 51. h5 $2 {[%mdl 8192]} (51. Re7+ $11 Kxf3 52. Re5) 51... Nxh5 $19 52. Rxh7 (52. Re7+ Kf2 53. Re2+ Kxf3 $19) 52... Nf4 53. Rh2 Rg5 54. Bb5 Kxf3 55. Rc2 (55. Rd2 $142 Re5 56. Kg1) 55... Ke3 {And now ...Rd5 would win.} 56. Kh2 Nd3 {Strongly threatening ...Rc5.} 57. Rc8 Nc5 58. Rh8 $2 (58. Rd8 Ne6 59. Rd3+ (59. Re8 $2 Kf2 $19) 59... Ke4 60. Rd6) 58... Kd2 59. Bc4 Ne4 $2 (59... Kc3 60. Rh3+ Kb2) 60. Re8 Nc5 (60... Nd6 61. Rd8 Rg6) 61. Rh8 $1 Kc3 62. Rh3+ Kb2 63. Rf3 Ka3 64. Re3 Rg4 {[%cal Og4c4]} 65. Bf7 Rf4 66. Bg8 Rg4 67. Bf7 $1 Rf4 {Hoping for ...Rf2+.} 68. Bg8 $1 Re4 {Black is clearly winning.} 69. Rf3 Re2+ 70. Kg3 Rc2 71. Bf7 Rc3 {Weighted Error Value: White=0.34/Black=0.31} 0-1

[Event "12th A.Margaryan Memorial 2022"]
[Site "Yerevan"]
[Date "2022.01.15"]
[Round "7.2"]
[White "Sturua, Zurab"]
[Black "Danielyan, Vahe"]
[Result "1-0"]
[WhiteElo "2529"]
[BlackElo "2332"]
[Annotator "TA"]
[PlyCount "58"]
[EventDate "2022.01.09"]
[EventType "tourn"]
[EventCountry "ARM"]
[SourceTitle "playchess.com"]
[Source "ChessBase"]
[SourceQuality "1"]

{[%evp 10,58,14,11,10,-7,23,17,17,-6,0,-9,-13,-12,-6,-33,-4,-40,85,59,57,69,57,57,61,47,161,172,177,154,294,319,317,322,327,323,532,575,595,581,814,807,885,890,1139,1140,1145,1116,1164,1104,1289]} 1. c4 e5 2. Nc3 Bb4 3. g3 Bxc3 4. bxc3 Nc6 5. Bg2 d6 6. d3 Nge7 {6...Nge7 is better than 6...f5. A21: English Opening: 1...e5 2 Nc3.} 7. Nh3 f6 {[#]} 8. f4 $146 ({Predecessor:} 8. e4 Be6 9. f4 g6 10. g4 h5 11. g5 Bg4 12. Qc2 Qd7 13. Nf2 exf4 14. Bxf4 fxg5 15. Bxg5 {½-½ (33) Johansson,L (2448)-Grandelius,N (2655) Vaxjo 2017}) 8... Be6 {The position is equal.} 9. Nf2 Qd7 10. Rb1 b6 11. O-O O-O 12. Bd2 Rad8 13. Rb2 d5 (13... exf4 $15 {stays ahead.} 14. Bxf4 Ne5) 14. cxd5 Bxd5 15. e4 Bf7 16. f5 Na5 17. g4 g5 (17... Kh8 $14) 18. h4 $18 h6 19. Qc1 {[%cal Rh4g5]} Kh8 (19... Be8 $16 {keeps fighting.}) 20. hxg5 fxg5 {[#]} 21. Bxg5 $1 {[%mdl 512]} hxg5 22. Qxg5 Bg8 $2 (22... Be8 23. Qh6+ (23. f6 Nec6 $14) 23... Kg8) 23. Qh4+ {White is clearly winning.} ({Stronger than} 23. f6 Nec6 $11) ({Weaker is} 23. Qh6+ Bh7 24. g5 (24. f6 Ng8 $17) 24... Qd6 $18) 23... Bh7 24. g5 Ng8 25. Ng4 Nc6 26. Rf3 Qe7 27. Bf1 Rd7 28. Rh2 b5 29. Rfh3 a5 {Weighted Error Value: White=0.08 (flawless) /Black=0.52} 1-0